000 00361nam a2200133Ia 4500
005 20260328104340.0
008 260328s9999||||xx |||||||||||||| ||und||
100 _aKaira Looro
245 0 _aArchitecture Competition :
_b Women's House in Africa /
_cKaira Looro
260 _bIndependently published
300 _a357 p.
650 _aARQUITECTURA
942 _cBK
999 _c12064
_d12064